| 000 | 00367cam a22001097a 4500 | ||
|---|---|---|---|
| 008 | 180718b1991 xxu||||| |||| 00| 0 eng d | ||
| 082 | _aT19x5441 G949s | ||
| 245 |
_aReport on socio- economic conditions of scheduled tribe labour at Surat (1989) _cby Labour Bureau |
||
| 260 |
_aDelhi _bController of Publications _c1991 |
||
| 300 | _a129p | ||
| 700 | _aIndia. Labour Bureau | ||
| 999 |
_c497344 _d497344 |
||